Library Banner

Atlas of mammographic positioning / (Record no. 130396)

MARC details
000 -LEADER
fixed length control field 00577pam a2200193 a 4500
001 - CONTROL NUMBER
control field 3925598
005 - DATE AND TIME OF LATEST TRANSACTION
control field 20230325092536.0
008 - FIXED-LENGTH DATA ELEMENTS--GENERAL INFORMATION
fixed length control field 920713s1994 paua b 001 0 eng c
020 ## - INTERNATIONAL STANDARD BOOK NUMBER
International Standard Book Number 0721636837
040 ## - CATALOGING SOURCE
Transcribing agency PK-LaUMT
082 00 - DEWEY DECIMAL CLASSIFICATION NUMBER
Classification number 616.9924907572
Edition number 20
Item number PRU-A
100 1# - MAIN ENTRY--PERSONAL NAME
Personal name Prue, Lucinda K.
245 10 - TITLE STATEMENT
Title Atlas of mammographic positioning /
Statement of responsibility, etc by Lucinda K. Prue
260 ## - PUBLICATION, DISTRIBUTION, ETC. (IMPRINT)
Place of publication, distribution, etc Philadelphia :
Name of publisher, distributor, etc Saunders,
Date of publication, distribution, etc 1994
300 ## - PHYSICAL DESCRIPTION
Extent xii, 175 p. :
Other physical details ill. ;
Dimensions 27 cm.
650 #0 - SUBJECT ADDED ENTRY--TOPICAL TERM
Topical term or geographic name as entry element Breast
General subdivision Radiography
-- Positioning
-- Atlases.
650 #2 - SUBJECT ADDED ENTRY--TOPICAL TERM
Topical term or geographic name as entry element Mammography
General subdivision methods
-- atlases.
942 ## - ADDED ENTRY ELEMENTS (KOHA)
Koha item type Books
Holdings
Withdrawn status Lost status Damaged status Home library Current library Date acquired Full call number Barcode Date last seen Price effective from Koha item type
      UMT Health Sciences Campus UMT Health Sciences Campus 2023-03-25 616.9924907572 PRU-A 144653 2023-11-27 2023-03-25 Books